Elden Ring boss by Great Rune - Statistics

General Stats
  • This quiz has been taken 72 times
  • The average score is 5 of 6
Answer Stats
Picture Answer % Correct
Godrick the Grafted
98%
Starscourge Radahn
90%
Malenia, Blade of Miquella
84%
Morgott, the Omen King
82%
Mohg, Lord of Blood
64%
Rykard, Lord of Blasphemy
64%
No matching quizzes found
Score Distribution
Percent of People with Each Score
Percentile by Number Answered
Your Score History
You have not taken this quiz